|
|
|
|
| LEADER |
00000cam a2200000 a 4500 |
| 001 |
vtls001296418 |
| 003 |
SK-MaSNL |
| 005 |
20260301195810.0 |
| 008 |
240226s1997 xo 000 0 slo |
| 015 |
|
|
|a SNBE1998/02-00864
|
| 035 |
|
|
|a SNK000248244
|
| 035 |
|
|
|a urn:nbn:sk:snk-amkuk5
|
| 035 |
|
|
|a urn:nbn:sk:snk-am004i9b
|
| 035 |
|
|
|a 83BF73CB-9B6A-43AB-9695-152457535632
|
| 040 |
|
|
|a SNK
|b slo
|c SNK
|e AACR2
|
| 041 |
|
|
|a slo
|
| 044 |
|
|
|a xo
|c SK
|
| 080 |
|
|
|a 75/76.036:061.4(083.97)
|2 1981
|
| 080 |
|
|
|a 069.6.02:73/76
|2 1981
|
| 110 |
2 |
|
|a Považská galéria umenia
|4 aut
|9 253316
|
| 245 |
1 |
0 |
|a Zmena pozícií
|b Považská galéria umenia Vás pozýva na otvorenie výstavy - 14.2.1997
|
| 260 |
|
|
|a Žilina
|b Považská galéria umenia
|c 1997
|
| 300 |
|
|
|a [4] s.
|c 12x12 cm
|
| 610 |
2 |
7 |
|a Považská galéria umenia
|2 SNK
|9 253316
|
| 650 |
0 |
7 |
|a výtvarné umenie
|2 SNK
|9 723
|
| 650 |
0 |
7 |
|a výstavy
|2 SNK
|9 2780
|
| 651 |
|
7 |
|a Žilina (Slovensko)
|2 SNK
|9 28812
|
| 655 |
|
7 |
|a pozvánky
|2 SNK
|9 71913
|
| 700 |
1 |
|
|a Mazúr, Milan,
|d 1954-
|4 aut
|9 212081
|
| 700 |
1 |
|
|a Čierny, Anton,
|d 1963-
|4 aut
|9 155434
|
| 958 |
|
|
|a TL
|
| 999 |
|
|
|c 887482
|d 889412
|
| 952 |
|
|
|t P60, <03>, [BOOK], {603}
|a SNK
|b SNK
|y PREZ
|7 0
|p 17A1162647
|o snkOSE 3431
|i snkKSP 8306/97
|0 0
|1 0
|4 0
|d 1997-07-31
|f 1
|l 0
|r 2005-01-02 00:00:00
|w 2026-02-24
|